Kurzové prepočty, reálny základ pre určovanie kurzových rozdielov

Jeden rok po zavedení eura ako domácej meny sa stretávame s problémami, ktoré súvisia s kurzovým prepočtom cudzích mien na euro.

Saved in:
Bibliographic Details
Main Author: Maděra, František
Format: Book Chapter
Language:Slovak
Subjects:
Tags: Add Tag
No Tags, Be the first to tag this record!

MARC

LEADER 00000naa$a2200000$$$4500
001 0113949
005 20240502072252.3
041 0 |a slo 
044 |a SK 
245 1 0 |a Kurzové prepočty, reálny základ pre určovanie kurzových rozdielov  |c František Maděra 
520 |a Jeden rok po zavedení eura ako domácej meny sa stretávame s problémami, ktoré súvisia s kurzovým prepočtom cudzích mien na euro. 
610 2 0 |a euro 
610 2 0 |a rozdiely kurzové 
610 2 0 |a účtovanie 
610 2 0 |a výkazy účtovné 
100 1 |a Maděra, František